Շուշի : (Record no. 52321)
[ view plain ]
| 000 -LEADER | |
|---|---|
| fixed length control field | 01013nam a2200241Ia 4500 |
| 003 - CONTROL NUMBER IDENTIFIER | |
| control field | SEM |
| 005 - DATE AND TIME OF LATEST TRANSACTION | |
| control field | 20250425093838.0 |
| 008 - FIXED-LENGTH DATA ELEMENTS--GENERAL INFORMATION | |
| fixed length control field | 141116s2008 ai ||||gr||||||01|||arm|d |
| 020 ## - INTERNATIONAL STANDARD BOOK NUMBER | |
| International Standard Book Number | 9785808410541 |
| 040 ## - CATALOGING SOURCE | |
| Original cataloging agency | SEM |
| Transcribing agency | SEM |
| 041 ## - LANGUAGE CODE | |
| Language code of text/sound track or separate title | arm |
| 080 ## - UNIVERSAL DECIMAL CLASSIFICATION NUMBER | |
| Universal Decimal Classification number | 930.27(47.925)/Հ-42 |
| 100 ## - MAIN ENTRY--PERSONAL NAME | |
| Personal name | Հարությունյան, Հրաչյա |
| 245 ## - TITLE STATEMENT | |
| Title | Շուշի : |
| Remainder of title | XVIII-XIX դդ. տապանագրեր / |
| Statement of responsibility, etc. | Հ. Հարությունյան ; Խմբ.՝ Ի. Ղարիբյան |
| 260 ## - PUBLICATION, DISTRIBUTION, ETC. | |
| Place of publication, distribution, etc. | Երևան : |
| Name of publisher, distributor, etc. | ԵՊՀ հրատարակչություն, |
| Date of publication, distribution, etc. | 2008. |
| 300 ## - PHYSICAL DESCRIPTION | |
| Extent | 300 էջ ; |
| Other physical details | նկ. ; |
| Dimensions | 23 սմ |
| 490 ## - SERIES STATEMENT | |
| Series statement | Հայկական Մատենաշար ; Գալուստ Կիւլպէնկեան հիմնարկութեան |
| 650 ## - SUBJECT ADDED ENTRY--TOPICAL TERM | |
| Topical term or geographic name entry element | Տապանաքարերի արձանագրություններ |
| Geographic subdivision | Շուշի |
| 653 ## - INDEX TERM--UNCONTROLLED | |
| Uncontrolled term | ՍԷՄ |
| 700 ## - ADDED ENTRY--PERSONAL NAME | |
| Personal name | Ղարիբյան, Իգիթ |
| Relator term | խմբ. |
| Relationship | edt. |
| 830 ## - SERIES ADDED ENTRY--UNIFORM TITLE | |
| Uniform title | Հայկական Մատենաշար ; Գալուստ Կիւլպէնկեան հիմնարկութեան |
| 942 ## - ADDED ENTRY ELEMENTS (KOHA) | |
| Source of classification or shelving scheme | Universal Decimal Classification |
| Koha item type | Գրքեր/Books |
| Withdrawn status | Lost status | Source of classification or shelving scheme | Damaged status | Not for loan | Collection code | Home library | Current library | Date acquired | Inventory number | Total Checkouts | Full call number | Barcode | Date last seen | Price effective from | Koha item type | Public note | Cost, normal purchase price |
|---|---|---|---|---|---|---|---|---|---|---|---|---|---|---|---|---|---|
| Universal Decimal Classification | Գրապահոց | Մայր Աթոռ Սուրբ Էջմիածին «Վաչե և Թամար Մանուկյան» Մատենադարան | Մայր Աթոռ Սուրբ Էջմիածին «Վաչե և Թամար Մանուկյան» Մատենադարան | 16/11/2014 | 23369 | 930.27(47.925)/Հ-42 | 23369 | 16/11/2014 | 16/11/2014 | Գրքեր/Books | Սպասարկվում է ընթերցասրահ | ||||||
| Universal Decimal Classification | Գրապահոց | Մայր Աթոռ Սուրբ Էջմիածին «Վաչե և Թամար Մանուկյան» Մատենադարան | Մայր Աթոռ Սուրբ Էջմիածին «Վաչե և Թամար Մանուկյան» Մատենադարան | 16/11/2014 | 23370 | 930.27(47.925)/Հ-42 | 23370 | 16/11/2014 | 16/11/2014 | Գրքեր/Books | Սպասարկվում է 30 օր | ||||||
| Universal Decimal Classification | Գրապահոց | Մայր Աթոռ Սուրբ Էջմիածին «Վաչե և Թամար Մանուկյան» Մատենադարան | Մայր Աթոռ Սուրբ Էջմիածին «Վաչե և Թամար Մանուկյան» Մատենադարան | 28/03/2025 | Հովհ-463 | Հովհ-463 | Հովհ-463 | 28/03/2025 | 28/03/2025 | Գրքեր/Books | Սպասարկվում է 30 օր | 1000.00 |